Personnages de jeux-vidéo en images - F - Statistiques

Statistiques générales
  • Ce quiz a été pris 205 fois
  • Le résultat moyen est 6 sur 16
Statistiques - réponses
Par images Réponse % Correct
Falco Lombardi
80%
Fox McCloud
78%
Funky Kong
70%
Flora
68%
Franklin Clinton
66%
Fay
50%
Flowey
35%
Fenrir
29%
Prince Florian
17%
Freya
14%
Finka
12%
Flynn
11%
Faith Connors
9%
Feng Wei
9%
Fatalis
4%
Faust
2%
Aucun quiz correspondant
Distribution des résultats
% des personnes avec chaque résultat
Percentile par nombre de réponses
Votre historique - résultats
Vous n’avez pas pris ce quiz